[Event "Westland (SEMO Res/5/23)"]
[Site "?"]
[Date "1985.??.??"]
[Round "?"]
[White "DeJongh, John"]
[Black "Clark, K.."]
[Result "0-1"]
[WhiteElo "1615"]
[BlackElo "1710"]
[PlyCount "54"]
[EventDate "1985.??.??"]

{5/(23)} 1. d4 Nf6 2. c4 e6 3. Nc3 d5 4. Bg5 Nbd7 5. e3 c6 6. c5 Be7 7. Nf3 b6
8. b4 bxc5 9. Bxf6 Nxf6 10. bxc5 Qa5 11. Qd2 Rb8 12. Bd3 Ba6 13. O-O Bxd3 14.
Qxd3 O-O 15. Ne5 Qc7 16. Rab1 Bxc5 17. Na4 Bd6 18. f4 Ne4 19. Rbc1 c5 20. dxc5
Nxc5 21. Nxc5 Bxc5 22. Kh1 Rfc8 23. f5 Qxe5 24. fxe6 Qxe6 25. Rce1 Re8 26. Rf3
Qe4 27. Qc3 Bb4 0-1

[Event "East Detroit (MCO/5/20)"]
[Site "?"]
[Date "1985.??.??"]
[Round "?"]
[White "DeJongh, John"]
[Black "Clark, K.."]
[Result "0-1"]
[WhiteElo "1615"]
[BlackElo "1905"]
[PlyCount "82"]
[EventDate "1985.??.??"]

{5/(20)} 1. d4 d5 2. c4 dxc4 3. Nf3 Nf6 4. Nc3 e6 5. e3 c5 6. Bxc4 Nc6 7. O-O
Be7 8. dxc5 O-O 9. a3 Bxc5 10. b4 Bd6 11. Bb2 Ne5 12. Nxe5 Bxe5 13. Qxd8 Rxd8
14. Rad1 Bd7 15. Ba1 Rac8 16. Bxe6 Bxe6 17. Na4 Rxd1 18. Rxd1 Bxa1 19. Rxa1 b6
20. Nb2 Rc2 21. Nd3 Ra2 22. Rxa2 Bxa2 23. Ne5 Kf8 24. Nc6 a6 25. Nb8 Bc4 26. f3
Bb5 27. a4 Nd7 28. axb5 Nxb8 29. bxa6 Nxa6 30. b5 Nc7 31. Kf1 Nxb5 32. Ke2 Ke7
33. Kd3 Ke6 34. g3 f5 35. f4 Kd5 36. h3 h5 37. g4 hxg4 38. hxg4 fxg4 39. e4+
Ke6 40. Ke3 Nd6 41. e5 Nf5+ 0-1

[Event "Westland (SEMO Res/2/21)"]
[Site "?"]
[Date "1985.??.??"]
[Round "?"]
[White "DeJongh, John"]
[Black "Brown, Dan"]
[Result "0-1"]
[WhiteElo "1615"]
[BlackElo "1790"]
[PlyCount "62"]
[EventDate "1985.??.??"]

{2/(21)} 1. d4 g6 2. c4 Bg7 3. Nc3 Nf6 4. Nf3 d6 5. e4 Nbd7 6. Be2 c5 7. d5 Ng4
8. Qc2 Nge5 9. Nxe5 Nxe5 10. O-O O-O 11. b3 f5 12. f4 Nf7 13. Bb2 Nh6 14. Nd1
Bxb2 15. Qxb2 fxe4 16. Ne3 Nf5 17. Nd1 Nd4 18. Nc3 Bf5 19. Qd2 Qd7 20. Kh1 a6
21. Rac1 Rf7 22. Qe3 Raf8 23. Nxe4 Bxe4 24. Qxe4 Nxe2 25. Qxe2 Rxf4 26. Kg1 Qf5
27. Rxf4 Qxf4 28. Re1 Rf5 29. g3 Qd4+ 30. Kg2 Re5 31. Qf1 Qd2+ 0-1

[Event "Westland (SEMO Res/4/27)"]
[Site "?"]
[Date "1985.??.??"]
[Round "?"]
[White "DeJongh, John"]
[Black "Ball, Ed"]
[Result "1-0"]
[WhiteElo "1615"]
[BlackElo "1605"]
[PlyCount "101"]
[EventDate "1985.??.??"]

{4/(27)} 1. d4 d5 2. c4 e6 3. Nc3 Bb4 4. Qc2 Nf6 5. a3 Bxc3+ 6. Qxc3 O-O 7. Bg5
c6 8. Nf3 Nbd7 9. e3 Qc7 10. Bd3 Re8 11. O-O dxc4 12. Bxc4 Ne4 13. Qc2 Nxg5 14.
Nxg5 Nf6 15. Rac1 h6 16. Nf3 b5 17. Bxb5 Bb7 18. Bxc6 Bxc6 19. Qxc6 Qxc6 20.
Rxc6 a5 21. Rfc1 Ra7 22. h3 Kf8 23. Ne5 Nd7 24. Nxd7+ Rxd7 25. Ra6 Rb8 26. Rc2
Rdb7 27. Rxa5 Rxb2 28. Rxb2 Rxb2 29. a4 Ra2 30. Ra7 Ra1+ 31. Kh2 g6 32. Kg3 Kg7
33. a5 g5 34. a6 Kh8 35. Ra8+ Kg7 36. a7 Kf6 37. Kg4 Kg7 38. f3 Ra4 39. f4 gxf4
40. Kxf4 f6 41. Kf3 Ra3 42. Re8 Rxa7 43. Rxe6 Rf7 44. d5 f5 45. Kf4 Kh7 46. d6
Kg7 47. Re7 Rxe7 48. dxe7 Kf7 49. Kxf5 Kxe7 50. Kg6 Ke6 51. g4 1-0

[Event "East Detroit (MCO/4/17)"]
[Site "?"]
[Date "1985.??.??"]
[Round "?"]
[White "Darbro, D.."]
[Black "Riseman, J.."]
[Result "1-0"]
[WhiteElo "2010"]
[BlackElo "1740"]
[PlyCount "120"]
[EventDate "1985.??.??"]

{4/(17)} 1. e4 e6 2. Qe2 c5 3. f4 Nc6 4. c3 Nge7 5. d3 d5 6. e5 Nf5 7. Nf3 Be7
8. g3 h5 9. Na3 Qb6 10. Nc2 Bd8 11. Qf2 a6 12. Be2 Qa7 13. Bd2 b5 14. O-O Bb7
15. Ne3 Nce7 16. Nxf5 Nxf5 17. Ne1 d4 18. Bf3 Bb6 19. Nc2 dxc3 20. bxc3 c4 21.
d4 Rd8 22. Bxb7 Qxb7 23. Rae1 Nh6 24. a3 Ng4 25. Qg2 Qxg2+ 26. Kxg2 g6 27. h3
Nh6 28. Ne3 Ke7 29. Rb1 Rd7 30. Nxc4 Bc7 31. Ne3 Rb8 32. Nc2 Ba5 33. Nb4 Bxb4
34. axb4 Ra7 35. Ra1 Kd7 36. Be3 Raa8 37. Rfd1 Kc6 38. Ra3 Nf5 39. Bf2 Kd5 40.
Kf3 Rc8 41. Be1 Ne7 42. Rda1 Rc6 43. Ke3 Nc8 44. Kd3 Ne7 45. Ra5 Rb6 46. c4+
Kc6 47. c5 Rb7 48. Rxa6+ Rxa6 49. Rxa6+ Kc7 50. Ke4 Kd7 51. g4 hxg4 52. hxg4
Kc7 53. Rd6 Ra7 54. Bh4 Nd5 55. Bd8+ Kc8 56. Ba5 Kb8 57. c6 Ra8 58. Rxd5 exd5+
59. Kxd5 Kc8 60. Kc5 Kb8 1-0

[Event "East Detroit (MCO/2/16)"]
[Site "?"]
[Date "1985.??.??"]
[Round "?"]
[White "Darbro, D.."]
[Black "Haakonstad, Olaf"]
[Result "1/2-1/2"]
[WhiteElo "2010"]
[BlackElo "1705"]
[PlyCount "54"]
[EventDate "1985.??.??"]

{2/(16)} 1. e4 e5 2. Nf3 Nc6 3. Bc4 Bc5 4. c3 Nf6 5. d3 O-O 6. b4 Be7 7. b5 Na5
8. Nxe5 d6 9. Nxf7 Rxf7 10. Bxf7+ Kxf7 11. O-O b6 12. Nd2 Kg8 13. f4 Ng4 14.
Nf3 Qe8 15. c4 Bf6 16. Rb1 Nb7 17. h3 Nh6 18. Bb2 Qg6 19. Kh1 Qg3 20. Nh2 Nc5
21. Qh5 Bb7 22. Bxf6 Qxd3 23. Bxg7 Nxe4 24. Qxh6 Ng3+ 25. Kg1 Qe3+ 26. Rf2 Ne2+
27. Kf1 Ng3+ 1/2-1/2

[Event "East Lansing (MI Op/2/26)"]
[Site "?"]
[Date "1985.??.??"]
[Round "?"]
[White "Daniluk, J.."]
[Black "Morris, Jewell"]
[Result "1-0"]
[WhiteElo "1975"]
[BlackElo "1805"]
[PlyCount "119"]
[EventDate "1985.??.??"]

{2/(26)} 1. d4 d5 2. e3 Bf5 3. c4 e6 4. Qb3 Nf6 5. Qxb7 Nbd7 6. c5 Be7 7. Nc3
O-O 8. Nf3 h6 9. Be2 Qb8 10. Qxb8 Rfxb8 11. Bb5 a6 12. Ba4 Bd3 13. h3 Bb5 14.
Bc2 a5 15. Nxb5 Rxb5 16. b3 Rbb8 17. O-O c6 18. Rd1 Nh7 19. Bd2 Bf6 20. a3 e5
21. b4 axb4 22. axb4 exd4 23. exd4 Nhf8 24. Ba4 Ra6 25. Bc3 Ne6 26. Bc2 Rba8
27. Rxa6 Rxa6 28. Ra1 Rxa1+ 29. Bxa1 Nc7 30. Ba4 Nb5 31. Kf1 Nb8 32. Bxb5 cxb5
33. Ke2 Nc6 34. Bc3 Kf8 35. Kd3 Ke7 36. Ne1 g6 37. Nc2 h5 38. Na3 Na7 39. Bd2
Kd7 40. Bf4 Kc6 41. Nc2 Nc8 42. Be5 Bxe5 43. dxe5 Ne7 44. Nd4+ Kb7 45. Nxb5 Kc6
46. Nd6 Nf5 47. Nxf5 gxf5 48. h4 Kb5 49. Kd4 Kc6 50. b5+ Kc7 51. Kxd5 f4 52.
b6+ Kb7 53. c6+ Kxb6 54. Kd6 f3 55. g3 f5 56. c7 f4 57. c8=Q fxg3 58. Qc6+ Ka5
59. Kc5 gxf2 60. Qb5# 1-0

[Event "East Lansing (MI Op/6/13)"]
[Site "?"]
[Date "1985.??.??"]
[Round "?"]
[White "Daniluk, J.."]
[Black "Martin, S.."]
[Result "1-0"]
[WhiteElo "1975"]
[BlackElo "1730"]
[PlyCount "59"]
[EventDate "1985.??.??"]

{6/(13)} 1. d4 Nf6 2. e3 b6 3. Nf3 Bb7 4. b3 d6 5. Bb2 Nbd7 6. Nbd2 g6 7. Be2
Bg7 8. O-O c5 9. Rc1 O-O 10. c4 Ne4 11. Qc2 Ndf6 12. d5 Nxd2 13. Nxd2 Bc8 14.
Rfd1 e5 15. dxe6 fxe6 16. Bf3 Rb8 17. Bxf6 Bxf6 18. Ne4 Be5 19. Rd2 Bb7 20.
Rcd1 Rxf3 21. gxf3 Qh4 22. f4 Qg4+ 23. Ng3 Qf3 24. Kf1 Qg2+ 25. Ke1 Qg1+ 26.
Ke2 Qg2 27. fxe5 Rf8 28. Kd3 dxe5 29. Kc3 Qf3 30. Rd8 1-0

[Event "East Lansing (MI Op/7/7)"]
[Site "?"]
[Date "1985.??.??"]
[Round "?"]
[White "Daniluk, J.."]
[Black "Hahn, David"]
[Result "0-1"]
[WhiteElo "1975"]
[BlackElo "2125"]
[PlyCount "60"]
[EventDate "1985.??.??"]

{7/(7)} 1. d4 g6 2. e3 Bg7 3. Bd3 b6 4. f4 Bb7 5. Nf3 Nf6 6. Nbd2 d6 7. O-O c5
8. c3 Nc6 9. f5 O-O 10. fxg6 fxg6 11. Ng5 Qd7 12. Ndf3 Rae8 13. Bd2 e5 14. d5
Nxd5 15. Qe2 Nc7 16. Nxh7 e4 17. Bxe4 Rxe4 18. Nxf8 Bxf8 19. Qf2 Bg7 20. Ng5
Rg4 21. e4 Ne6 22. Nf7 Ne5 23. Nh6+ Bxh6 24. Bxh6 Bxe4 25. g3 Nf3+ 26. Qxf3
Bxf3 27. Rxf3 Ng5 28. Re3 Kh7 29. Bf8 Re4 30. Rd3 Nh3+ 0-1

[Event "East Lansing (MI Op/4/7)"]
[Site "?"]
[Date "1985.??.??"]
[Round "?"]
[White "Daniluk, J.."]
[Black "Avery, Robert W"]
[Result "0-1"]
[WhiteElo "1975"]
[BlackElo "2120"]
[PlyCount "90"]
[EventDate "1985.??.??"]

{4/(7)} 1. d4 Nf6 2. e3 d5 3. Bd3 g6 4. f4 Bg7 5. Nd2 c5 6. c3 Nc6 7. Ngf3 O-O
8. O-O a5 9. Ne5 Qb6 10. Qe2 Ne8 11. Ndf3 Nd6 12. Ng5 f6 13. Nxc6 Qxc6 14. Nxh7
Kxh7 15. Qh5+ Kg8 16. Bxg6 Rd8 17. Rf3 f5 18. Rg3 Kf8 19. Bh7 Ne4 20. Rg6 e6
21. Rxg7 Kxg7 22. Qg6+ Kh8 23. Qh6 Qc7 24. Bxf5+ Kg8 25. Bxe4 dxe4 26. Qg5+ Kf7
27. Qh5+ Kg8 28. Qg5+ Kf8 29. Qf6+ Ke8 30. Qh8+ Kd7 31. Qh7+ Kc6 32. Qxe4+ Kb6
33. Bd2 Qc6 34. Qc2 cxd4 35. exd4 Ka7 36. c4 b6 37. Be3 Bb7 38. Rf1 Rac8 39. b3
Rd7 40. Qd2 Rg8 41. d5 exd5 42. Qxa5+ Kb8 43. Bxb6 Rxg2+ 44. Kxg2 dxc4+ 45. Kh3
Qg2+ 0-1

[Event "Westland (SEMO/2/16)"]
[Site "?"]
[Date "1985.??.??"]
[Round "?"]
[White "Dangremond, Leonard"]
[Black "Burg, Dan"]
[Result "1/2-1/2"]
[WhiteElo "2020"]
[BlackElo "1930"]
[PlyCount "115"]
[EventDate "1985.??.??"]

{2/(16)} 1. e4 d5 2. exd5 Nf6 3. Nc3 Nxd5 4. Bc4 Nxc3 5. bxc3 Nc6 6. Ba3 g6 7.
Rb1 Bg7 8. f4 O-O 9. d4 Na5 10. Be2 b6 11. Bf3 Bb7 12. Bxb7 Nxb7 13. Nf3 c5 14.
O-O Qd5 15. dxc5 Qxa2 16. Ra1 Qc4 17. cxb6 Qxc3 18. Ne5 Rfd8 19. Qf3 Qxf3 20.
Rxf3 axb6 21. Rb1 Rd2 22. Rxb6 Nd6 23. Rfb3 Rxc2 24. Rb8+ Rc8 25. Rxa8 Rxa8 26.
Kf2 h6 27. Nc6 Bf6 28. Rd3 Nc8 29. Kf3 e6 30. Bc5 g5 31. Be3 gxf4 32. Bxf4 Kg7
33. Ne5 Nb6 34. Ng4 Bg5 35. h4 Bxf4 36. Kxf4 Ra4+ 37. Kg3 Nd5 38. Ne3 Nxe3 39.
Rxe3 Kg6 40. Re5 Rd4 41. Ra5 Rd5 42. Ra4 Kh5 43. Kh3 Rd3+ 44. g3 f5 45. Ra5 Re3
46. Ra4 e5 47. Kg2 Re4 48. Ra3 Kg4 49. Ra6 Kh5 50. Re6 f4 51. gxf4 Rxf4 52.
Rxe5+ Kxh4 53. Re3 Rg4+ 54. Kh2 h5 55. Rh3+ Kg5 56. Rg3 Kf4 57. Rxg4+ hxg4 58.
Kg2 1/2-1/2

[Event "East Lansing (MI Op/5/8)"]
[Site "?"]
[Date "1985.??.??"]
[Round "?"]
[White "Czuhai, Kevin"]
[Black "Owens, James"]
[Result "1-0"]
[WhiteElo "2225"]
[BlackElo "1860"]
[PlyCount "25"]
[EventDate "1985.??.??"]

{5/(8)} 1. e4 e6 2. d4 d5 3. Nc3 Nf6 4. Bg5 Be7 5. e5 Nfd7 6. Bxe7 Qxe7 7. f4
c5 8. Nb5 Nb6 9. Nd6+ Kf8 10. dxc5 Na4 11. Qd4 b5 12. Bxb5 Bd7 13. Qxa4 1-0

[Event "East Lansing (MI Op/1b/3)"]
[Site "?"]
[Date "1985.??.??"]
[Round "?"]
[White "Czuhai, Kevin"]
[Black "Gipson, John"]
[Result "1-0"]
[WhiteElo "2225"]
[BlackElo "1920"]
[PlyCount "55"]
[EventDate "1985.??.??"]

1. d4 d5 2. Nc3 e6 3. e4 Nf6 4. Bg5 Be7 5. e5 Nfd7 6. Bxe7 Qxe7 7. Qd2 a6 8.
Nf3 c5 9. dxc5 Nc6 10. O-O-O Nxc5 11. Bd3 Bd7 12. Kb1 b5 13. Rde1 Rb8 14. h4
Na4 15. h5 h6 16. Rh4 Qc5 17. Nd1 a5 18. Rg4 Kf8 19. c3 b4 20. c4 d4 21. Bc2
Nc3+ 22. Ka1 a4 23. bxc3 bxc3 24. Nxc3 Qxc4 25. Nxd4 a3 26. Nxc6 Qxc6 27. Qd6+
Ke8 28. Qxb8+ 1-0

[Event "East Lansing (MI Op/7/5)"]
[Site "?"]
[Date "1985.??.??"]
[Round "?"]
[White "Czuhai, Kevin"]
[Black "Chen, F.."]
[Result "1/2-1/2"]
[WhiteElo "2225"]
[BlackElo "1930"]
[PlyCount "81"]
[EventDate "1985.??.??"]

{7/(5)} 1. d4 d5 2. Nc3 e6 3. e4 Bb4 4. Bd3 c5 5. exd5 Qxd5 6. Bd2 Bxc3 7. Bxc3
cxd4 8. Bxd4 Qxg2 9. Qf3 Qxf3 10. Nxf3 f6 11. Rg1 Kf7 12. O-O-O Nc6 13. Bc3
Nge7 14. Bc4 Rd8 15. Rxd8 Nxd8 16. Rd1 Ndc6 17. Nh4 b6 18. f4 g6 19. Rd6 Rb8
20. a4 a6 21. b4 b5 22. axb5 axb5 23. Bb3 Rb7 24. Kb2 Bd7 25. Ng2 Nf5 26. Bxe6+
Bxe6 27. Rxc6 Bd5 28. Rxf6+ Ke7 29. Ne1 Nd6 30. Be5 Be6 31. Nd3 Ne4 32. Nc5
Nxc5 33. bxc5 Ra7 34. c6 Ra6 35. c7 Bc8 36. Rxa6 Bxa6 37. Kc3 Kd7 38. Kd4 Kc6
39. c3 Bc8 40. Ke4 Kc5 41. Bd4+ 1/2-1/2

[Event "East Lansing (MI Op/3/2)"]
[Site "?"]
[Date "1985.??.??"]
[Round "?"]
[White "Czuhai, Kevin"]
[Black "Bagherabadi, Mohammed"]
[Result "1/2-1/2"]
[WhiteElo "2225"]
[BlackElo "2085"]
[PlyCount "91"]
[EventDate "1985.??.??"]

{3/(2)} 1. d4 d5 2. Nf3 c6 3. c4 e6 4. Nc3 f5 5. Bg5 Be7 6. h4 Nd7 7. cxd5 exd5
8. Qc2 Ndf6 9. e3 Ne4 10. Bxe7 Qxe7 11. Bd3 Ngf6 12. Ne5 Be6 13. O-O-O O-O-O
14. f3 Nxc3 15. bxc3 g6 16. Qa4 Kc7 17. Kc2 Nd7 18. Rb1 Nxe5 19. Qxa7 Bc8 20.
dxe5 Qxe5 21. Ba6 Rhe8 22. Rhe1 Qg3 23. Re2 Qxh4 24. Bxb7 Kd6 25. Bxc6 Bd7 26.
Bxd7 Rxd7 27. Qa5 Qc4 28. Rd2 Ke7 29. Rb4 Qc6 30. Rb6 Qc4 31. Rb4 Qc6 32. Rh4
h5 33. Rhd4 Ra8 34. Qb4+ Ke6 35. e4 Rxa2+ 36. Kc1 Rxd2 37. exd5+ Rxd5 38. Kxd2
Rxd4+ 39. Qxd4 Qd5 40. Qxd5+ Kxd5 41. Kd3 g5 42. c4+ Kc5 43. Kc3 h4 44. Kd3 g4
45. fxg4 fxg4 46. Ke3 1/2-1/2

[Event "Westland (SEMO Res/5/19)"]
[Site "?"]
[Date "1985.??.??"]
[Round "?"]
[White "Corbeill, Joe"]
[Black "Thomas, Henry"]
[Result "0-1"]
[WhiteElo "1705"]
[BlackElo "1620"]
[PlyCount "76"]
[EventDate "1985.??.??"]

{5/(19)} 1. Nf3 b6 2. d4 f5 3. c4 Nf6 4. Nc3 e6 5. e3 Bb7 6. Be2 Be7 7. O-O O-O
8. b3 a6 9. Bb2 Qe8 10. Ne5 d6 11. Nd3 Qg6 12. Bf3 Bxf3 13. Qxf3 Ne4 14. Nf4
Qf7 15. Nxe4 fxe4 16. Qxe4 Nd7 17. Qxe6 Bg5 18. Qxf7+ Rxf7 19. Ne6 Bd8 20. Rae1
c6 21. Nxd8 Rxd8 22. e4 Re8 23. f4 Rfe7 24. e5 c5 25. Kf2 cxd4 26. Bxd4 dxe5
27. fxe5 Nxe5 28. Kg3 b5 29. cxb5 axb5 30. Bc5 Re6 31. Rd1 Nf7 32. Rd7 Ng5 33.
Kh4 Rg6 34. Be7 Nf7 35. g3 Rh6+ 36. Kg4 Ne5+ 37. Kf4 Nxd7 38. Re1 Rxh2 0-1

[Event "Westland (SEMO Res/1a/11)"]
[Site "?"]
[Date "1985.??.??"]
[Round "?"]
[White "Corbeill, Joe"]
[Black "Leonard, K.."]
[Result "1-0"]
[WhiteElo "1705"]
[BlackElo "1605"]
[PlyCount "31"]
[EventDate "1985.??.??"]

1. Nf3 b6 2. d4 Bb7 3. Nc3 e6 4. e4 Bb4 5. Bd3 Nf6 6. Bg5 h6 7. Bxf6 Qxf6 8.
O-O Bxc3 9. bxc3 O-O 10. Ne5 Qg5 11. f4 Qh4 12. g3 Qh3 13. Rf2 g6 14. Bf1 Qh5
15. Be2 Qh3 16. Bg4 1-0

[Event "Westland (SEMO Res/3/24)"]
[Site "?"]
[Date "1985.??.??"]
[Round "?"]
[White "Corbeill, Joe"]
[Black "Duncan, Robert"]
[Result "1-0"]
[WhiteElo "1705"]
[BlackElo "1605"]
[PlyCount "43"]
[EventDate "1985.??.??"]

{3/(24)} 1. Nf3 Nf6 2. d4 d6 3. Nc3 g6 4. e4 Bg7 5. Be2 b6 6. Bg5 O-O 7. Qd2
Ba6 8. O-O-O Bxe2 9. Qxe2 Nbd7 10. e5 Ne8 11. Nd5 f6 12. exf6 Ndxf6 13. Qe6+
Kh8 14. Nxf6 exf6 15. Bf4 g5 16. Bg3 d5 17. h4 Nd6 18. hxg5 f5 19. Rxh7+ Kxh7
20. Rh1+ Bh6 21. Qxh6+ Kg8 22. Qh7# 1-0

[Event "Westland (SEMO Res/3/36)"]
[Site "?"]
[Date "1985.??.??"]
[Round "?"]
[White "Cooley, R.."]
[Black "Stallard, J.."]
[Result "0-1"]
[WhiteElo "1605"]
[BlackElo "1605"]
[PlyCount "68"]
[EventDate "1985.??.??"]

{3/(36)} 1. d4 Nf6 2. Nf3 e6 3. Bf4 d5 4. e3 c5 5. c3 Nbd7 6. Bd3 c4 7. Bc2 g6
8. h3 b5 9. a3 Bg7 10. O-O O-O 11. Nbd2 Bb7 12. Qe2 Re8 13. Rfe1 Ne4 14. Nxe4
dxe4 15. Nd2 f5 16. a4 a6 17. Nb1 Bd5 18. Na3 Qb6 19. axb5 axb5 20. Bh2 Rec8
21. Qd2 Bf8 22. Bd1 b4 23. Nc2 Rxa1 24. Nxa1 b3 25. Be2 Ra8 26. Qc1 Ra2 27. Bf4
Ba3 28. Nxb3 Bxb2 29. Qb1 cxb3 30. c4 Bc6 31. Kf1 Bc3 32. c5 Qb5 33. Rc1 b2 34.
Rxc3 Ra1 0-1

[Event "Westland (SEMO Res/1a/18)"]
[Site "?"]
[Date "1985.??.??"]
[Round "?"]
[White "Cooley, R.."]
[Black "McGinniss, M.."]
[Result "0-1"]
[WhiteElo "1605"]
[BlackElo "1605"]
[PlyCount "136"]
[EventDate "1985.??.??"]

1. d4 e6 2. Nf3 Nf6 3. e3 c5 4. Bd3 Nc6 5. c3 d5 6. Nbd2 cxd4 7. cxd4 Nb4 8.
Bb1 Bd6 9. O-O O-O 10. a3 Nc6 11. b4 e5 12. dxe5 Nxe5 13. Bb2 Neg4 14. h3 Nh6
15. Nd4 Bd7 16. N2f3 Ne4 17. Ba2 Rc8 18. Rc1 Nf6 19. Qe2 Nf5 20. Rfd1 Ba4 21.
Rd2 Rxc1+ 22. Bxc1 Qd7 23. Nxf5 Qxf5 24. Nd4 Qd7 25. Bb2 a6 26. Qf3 Ne4 27. Rd3
Bb5 28. Rd1 Nf6 29. Nxb5 Qxb5 30. Bxd5 Nxd5 31. Rxd5 Qb6 32. Qd1 Bxb4 33. Qb3
Bc5 34. Qxb6 Bxb6 35. Rd7 Re8 36. Rxb7 Bc5 37. a4 Kf8 38. Rc7 Bb4 39. Bc3 Bxc3
40. Rxc3 Re5 41. f4 Re4 42. Ra3 a5 43. Kf2 f5 44. Kf3 Kf7 45. g4 g6 46. gxf5
gxf5 47. h4 h5 48. Ke2 Ke6 49. Kd2 Rb4 50. Kc2 Kd5 51. Rd3+ Ke4 52. Ra3 Rc4+
53. Kd2 Kf3 54. Ra1 Kg4 55. Rg1+ Kxh4 56. Rg5 Rxa4 57. Rxf5 Ra3 58. e4 Kg4 59.
Rf7 Rf3 60. e5 h4 61. e6 h3 62. e7 h2 63. e8=Q h1=Q 64. Qg8+ Kh3 65. Qc8+ Kg3
66. Rf5 Qh2+ 67. Ke1 Rf1+ 68. Kxf1 Qf2# 0-1

[Event "Westland (SEMO Res/4/37)"]
[Site "?"]
[Date "1985.??.??"]
[Round "?"]
[White "Cooley, R.."]
[Black "Loop, J.."]
[Result "1-0"]
[WhiteElo "1605"]
[BlackElo "1605"]
[PlyCount "97"]
[EventDate "1985.??.??"]

{4/(37)} 1. d4 d5 2. Nf3 Nc6 3. Bf4 Bf5 4. c4 Nf6 5. Nc3 dxc4 6. e3 e6 7. Bxc4
Bb4 8. Rc1 Bd6 9. Ne5 O-O 10. O-O Re8 11. Bb5 Bxe5 12. Bxe5 Rb8 13. a3 Nd5 14.
Bxc6 bxc6 15. Qe2 Nxc3 16. Rxc3 Be4 17. b4 Qg5 18. f3 Bd5 19. e4 f6 20. Bxc7
Rb7 21. Bg3 Rd7 22. exd5 Rxd5 23. Bf2 e5 24. Qe4 f5 25. Qe2 Re6 26. Rfc1 Rg6
27. g3 Rdd6 28. dxe5 Rde6 29. f4 Qxf4 30. Qa2 Kf8 31. Bc5+ Ke8 32. Bd6 Qd4+ 33.
Qf2 Qg4 34. Rxc6 Qh4 35. Rc8+ Qd8 36. Rxd8+ Kxd8 37. Qxa7 Rxd6 38. exd6 Rxd6
39. Qb8+ Kd7 40. Rc7+ Ke6 41. Qe8+ Kf6 42. Qe7+ Kg6 43. Qxd6+ Kg5 44. Rxg7+ Kh5
45. Rxh7+ Kg5 46. h4+ Kg4 47. Rg7+ Kh3 48. Qd2 f4 49. Qg2# 1-0

[Event "Ann Arbor (Masters/Experts Inv)"]
[Site "?"]
[Date "1985.??.??"]
[Round "?"]
[White "Condon, M.."]
[Black "Thompson, Dexter"]
[Result "1-0"]
[WhiteElo "2085"]
[BlackElo "2260"]
[PlyCount "87"]
[EventDate "1985.??.??"]

1. c4 e5 2. g3 c6 3. Nf3 e4 4. Nd4 Bc5 5. Nb3 d6 6. Nc3 Nf6 7. Bg2 Bf5 8. O-O
O-O 9. d3 exd3 10. exd3 Na6 11. Be3 Bxe3 12. fxe3 Bg6 13. e4 Nc5 14. Kh1 Re8
15. Nd4 Qb6 16. Qd2 Ng4 17. Nf5 Bxf5 18. Rxf5 Nf6 19. Raf1 Re5 20. R5f4 Ne6 21.
R4f2 Rh5 22. Bf3 Re5 23. h4 Nd4 24. Bd1 Rf8 25. Kg2 Ne6 26. Bf3 d5 27. cxd5
cxd5 28. exd5 Nd4 29. Be4 Ne8 30. Qf4 f6 31. Qxe5 Nc2 32. Qe6+ Qxe6 33. dxe6
Ne3+ 34. Kg1 Nxf1 35. Kxf1 Nc7 36. e7 Re8 37. Bd5+ Nxd5 38. Nxd5 Kf7 39. Re2
Rc8 40. Ke1 Ke8 41. Kd2 Rc5 42. Nf4 Rc6 43. Nh5 g6 44. Ng7+ 1-0

[Event "Ann Arbor (Masters/Experts Inv)"]
[Site "?"]
[Date "1985.??.??"]
[Round "?"]
[White "Condon, M.."]
[Black "Avery, Robert W"]
[Result "0-1"]
[WhiteElo "2085"]
[BlackElo "2150"]
[PlyCount "79"]
[EventDate "1985.??.??"]

1. c4 Nf6 2. Nc3 e5 3. g3 Bb4 4. Bg2 O-O 5. Nf3 Re8 6. O-O c6 7. d3 h6 8. Ne4
b6 9. Qb3 Na6 10. Rd1 Bb7 11. Nh4 Bf8 12. Nf5 d5 13. cxd5 Nxd5 14. Nc3 Nc5 15.
Qc2 Qf6 16. Ne3 Nb4 17. Qb1 Rad8 18. a3 Nd5 19. Qc2 Qe6 20. b4 Nxc3 21. Qxc3
Nb3 22. Rb1 Nd4 23. Re1 f5 24. Qc4 Rd7 25. Qxe6+ Rxe6 26. Bb2 g6 27. h4 h5 28.
Nc4 c5 29. Bxd4 exd4 30. b5 Bxg2 31. Kxg2 f4 32. Nd2 fxg3 33. fxg3 Bh6 34. Ne4
c4 35. Rf1 Kg7 36. Rb2 c3 37. Ra2 a6 38. bxa6 Ra7 39. Rb1 Rxa6 40. Rb5 $138 0-1

[Event "Westland (SEMO/5/14)"]
[Site "?"]
[Date "1985.??.??"]
[Round "?"]
[White "Comstock, Ron"]
[Black "Moody, David"]
[Result "1/2-1/2"]
[WhiteElo "1870"]
[BlackElo "2015"]
[PlyCount "49"]
[EventDate "1985.??.??"]

{5/(14)} 1. e4 e5 2. Nf3 Nc6 3. Bb5 a6 4. Ba4 Nf6 5. O-O Be7 6. Re1 b5 7. Bb3
O-O 8. c3 d5 9. exd5 Nxd5 10. Nxe5 Nxe5 11. Rxe5 c6 12. Bxd5 cxd5 13. d4 Bd6
14. Re1 Qh4 15. g3 Qh3 16. Qe2 Bg4 17. Qf1 Qh5 18. Be3 f5 19. f4 Rae8 20. Nd2
Re6 21. Bf2 Bh3 22. Qd3 Rh6 23. Qf3 Qf7 24. Nf1 Bg4 25. Qg2 1/2-1/2

[Event "Westland (SEMO/3/17)"]
[Site "?"]
[Date "1985.??.??"]
[Round "?"]
[White "Comstock, Ron"]
[Black "Kulbacki, James"]
[Result "0-1"]
[WhiteElo "1870"]
[BlackElo "2025"]
[PlyCount "58"]
[EventDate "1985.??.??"]

{3/(17)} 1. e4 e6 2. d4 d5 3. Nd2 Nf6 4. e5 Ne4 5. Nxe4 dxe4 6. c3 c5 7. Ne2
Nc6 8. Ng3 cxd4 9. Qb3 Qd5 10. Bc4 Qxe5 11. O-O Bd6 12. Re1 f5 13. f3 Bd7 14.
cxd4 Nxd4 15. Qd1 Rc8 16. Bb3 Bc6 17. Be3 Nxb3 18. axb3 O-O 19. f4 Qd5 20. Qxd5
Bxd5 21. Rxa7 Rc2 22. Re2 Rfc8 23. Bd4 Bxf4 24. Rxc2 Rxc2 25. Nh5 Bh6 26. g3
Rc1+ 27. Kf2 e3+ 28. Ke2 Rc2+ 29. Ke1 Bf3 0-1

[Event "East Detroit (MCO/1/42)"]
[Site "?"]
[Date "1985.??.??"]
[Round "?"]
[White "Coates, J.."]
[Black "Steverson, Bunnard"]
[Result "0-1"]
[WhiteElo "1605"]
[BlackElo "1740"]
[PlyCount "98"]
[EventDate "1985.??.??"]

{1/(42)} 1. d4 Nf6 2. Nf3 d5 3. Nc3 e6 4. a3 c5 5. e3 Nc6 6. Bb5 Bd7 7. O-O Be7
8. Ne5 O-O 9. Nxc6 bxc6 10. Be2 cxd4 11. exd4 c5 12. Be3 cxd4 13. Bxd4 Qc7 14.
Nb5 Bxb5 15. Bxb5 e5 16. Be3 d4 17. Bg5 Rab8 18. Bxf6 Bxf6 19. a4 a6 20. Bd3
Rxb2 21. Rb1 Rfb8 22. Rxb2 Rxb2 23. Qc1 Qb6 24. Bxa6 h6 25. g3 Bg5 26. Qa1 Rxc2
27. Bd3 Rc3 28. Rb1 Qc7 29. h4 Bxh4 30. gxh4 Rxd3 31. a5 e4 32. a6 e3 33. a7
exf2+ 34. Kf1 Qg3 35. a8=Q+ Kh7 36. Qe4+ g6 37. Qg2 Qxh4 38. Qxf2 Qh3+ 39. Ke2
Re3+ 40. Kd2 Rd3+ 41. Ke1 Re3+ 42. Kd2 Rd3+ 43. Kc2 Rc3+ 44. Qxc3 Qxc3+ 45. Kd1
Qd3+ 46. Qd2 Qxb1+ 47. Ke2 d3+ 48. Qxd3 Qxd3+ 49. Kxd3 h5 0-1

[Event "East Detroit (MCO/6/49)"]
[Site "?"]
[Date "1985.??.??"]
[Round "?"]
[White "Coates, J.."]
[Black "Solski, Jeff"]
[Result "0-1"]
[WhiteElo "1605"]
[BlackElo "1605"]
[PlyCount "86"]
[EventDate "1985.??.??"]

{6/(49)} 1. e4 d6 2. Nf3 Nf6 3. Nc3 g6 4. g3 Bg7 5. Bg2 c6 6. O-O Nbd7 7. d4 e5
8. Bg5 h6 9. Bxf6 Bxf6 10. d5 g5 11. dxc6 bxc6 12. g4 h5 13. gxh5 g4 14. Nd2
Nc5 15. b4 Bh4 16. bxc5 dxc5 17. Nc4 Kf8 18. Qxd8+ Bxd8 19. Rad1 Bf6 20. Rd6
Be6 21. Na5 Rxh5 22. Rxc6 Kg7 23. Rxc5 Rah8 24. f3 Rxh2 25. Ne2 Bd8 26. Nc4
Bxc4 27. Rxc4 Bb6+ 28. Rf2 gxf3 29. Bxf3 Rxf2 30. Rb4 Rxf3+ 31. Rxb6 axb6 32.
Kg2 Rf6 33. c4 Rc6 34. Nc3 Rxc4 35. Nd5 Rxe4 36. Nxb6 Rb8 37. Kf3 Rf4+ 38. Ke3
Rxb6 39. Kd3 Ra6 40. Kc3 Rxa2 41. Kb3 Rg2 42. Ka3 Rg3+ 43. Kb2 Rf2+ 0-1

[Event "East Detroit (MCO/5/50)"]
[Site "?"]
[Date "1985.??.??"]
[Round "?"]
[White "Coates, J.."]
[Black "Lynch, W.."]
[Result "0-1"]
[WhiteElo "1605"]
[BlackElo "1605"]
[PlyCount "88"]
[EventDate "1985.??.??"]

{5/(50)} 1. e4 c5 2. Nf3 Nc6 3. Nc3 d6 4. g3 Nf6 5. Bb5 Bd7 6. d4 cxd4 7. Nxd4
Nxd4 8. Bxd7+ Qxd7 9. Qxd4 e6 10. Bg5 Be7 11. O-O-O e5 12. Qd3 Ng4 13. Qe2 Nxf2
14. Qxf2 Bxg5+ 15. Kb1 O-O 16. h4 Be7 17. h5 f5 18. Qe2 fxe4 19. Qc4+ Kh8 20.
Qxe4 Rad8 21. h6 g6 22. Rhf1 Rxf1 23. Rxf1 Rf8 24. Rxf8+ Bxf8 25. Qf3 Qf5 26.
Qxf5 gxf5 27. Kc1 Bxh6+ 28. Kd1 f4 29. gxf4 Bxf4 30. Nd5 Kg7 31. Ke2 Kg6 32.
Ne7+ Kg5 33. c4 h5 34. Kf2 Kg4 35. Kg2 h4 36. Nd5 h3+ 37. Kg1 h2+ 38. Kh1 Kf3
39. Nxf4 exf4 40. Kxh2 Kf2 41. b4 f3 42. c5 dxc5 43. bxc5 Ke2 44. Kg1 f2+ 0-1